| 000 | 00682cab a2200241 4500 | ||
|---|---|---|---|
| 001 | WB2725-11 | ||
| 008 | 090401t1991 xxu||||| |||| 00| 0 eng d | ||
| 035 | _a(Sirsi) u20898 | ||
| 041 | _aeng | ||
| 245 | _aCommercial property in Manchester | ||
| 260 | _c1991 | ||
| 350 | _a0 | ||
| 490 |
_aDaily Telegraph _v25 June 1991, 26-27(2) LOAN |
||
| 520 | _aLooks at the commercial property market in Manchester. | ||
| 650 | _aCITY FRINGE | ||
| 650 | _aGREEN BELT | ||
| 650 | _aSALFORD QUAYS | ||
| 650 | _aTECHNOLOGICAL OFFICE PARKS | ||
| 650 | _aURBAN REGENERATION | ||
| 690 | _aPROPERTY-COMMERCIAL PROPERTY-COMMERCIAL PROPERTY MARKET | ||
| 942 | _n0 | ||
| 948 | _c04/03/1997 | ||
| 999 |
_c14008 _d14008 |
||